| 000 | 00957nas a2200289 4500 | ||
|---|---|---|---|
| 001 | BR0904991 | ||
| 003 | BR-BrBNA | ||
| 005 | 20231205113604.0 | ||
| 007 | ta | ||
| 008 | 230509b bl.|||p| |||| 00| 00por d | ||
| 040 |
_aBR-BrBNA _bpor _cBiblioteca Nacional de Agricultura |
||
| 041 | _a(Pt) | ||
| 072 | _aM12; L73 | ||
| 100 | 1 | _aCardoso, T.P. | |
| 100 | 1 | _aMársico, E.T. | |
| 100 | 1 | _aMedeiros, R.J. | |
| 100 | 1 | _aTortelly, R. | |
| 100 | 1 | _aSobreiro, L.G. | |
| 245 | 1 | _aConcentração de mercúrio e análise histopatológica em músculo, rim e cérebro de peixe-espada (Trichiurus lepturus)coletados na praia de Itaipu, Niterói, Rio de Janeiro, Brasil | |
| 650 | _aPEIXE MARINHO | ||
| 650 | _aMERCÚRIO | ||
| 650 | _aHISTOPATOLOGIA | ||
| 650 | _aCONTAMINAÇÃO | ||
| 773 | 0 |
_tCiência Rural (Brazil) _xISSN 0103-8478 _g(Mar-Apr 2009), v. 39(2) p. 540-546 _wBR0904991 |
|
| 909 |
_a202311 _bLúcia _c55 _dLúcia Elande |
||
| 942 |
_2AGRIS _n0 _cANA |
||
| 999 |
_c204591 _d204591 |
||